LEADER 01650nam 2200493 450 001 9910795953003321 005 20200520144314.0 010 0 $a1118787544 010 0 $a9781118787540 035 $a(MiAaPQ)EBC7104080 035 $a(CKB)24989778400041 035 $a(MiAaPQ)EBC1812458 035 $a(Au-PeEL)EBL1812458 035 $a(CaPaEBR)ebr10951946 035 $a(CaONFJC)MIL650896 035 $a(OCoLC)892799668 035 $a(JP-MeL)3000111588 035 $a(Au-PeEL)EBL7104080 035 $a(OCoLC)1347027113 035 $a(EXLCZ)9924989778400041 100 $a20141015h20152015 uy 0 101 0 $aeng 135 $aur||||||||||| 181 $2rdacontent 182 $2rdamedia 183 $2rdacarrier 200 10$aTheoretical and computational aerodynamics /$fTapan K. Sengupta 210 1$aChichester, England :$cWiley,$d2015. 210 4$d2015 215 $a1 online resource (519 pages) $cillustrations 225 1 $aAerospace Series 311 08$aPrint version: Sengupta, Tapan Kumar, 1955- Theoretical and computational aerodynamics Chichester, West Sussex, United Kingdom : John Wiley & Sons Inc., 2015 9781118787595 (DLC) 2014015240 320 $aIncludes bibliographical references at the end of each chapters and index. 410 0$aAerospace series (Chichester, England) 606 $aAerodynamics 615 0$aAerodynamics. 676 $a629.132/3001 700 $aSengupta$b Tapan Kumar$f1955-$0478154 801 0$bMiAaPQ 801 1$bMiAaPQ 801 2$bMiAaPQ 912 $a9910795953003321 996 $aTheoretical and computational aerodynamics$93715098 997 $aUNINA LEADER 01847nam 2200577Ia 450 001 9910795822603321 005 20230831181155.0 010 $a1-118-38476-8 010 $a1-118-38477-6 035 $a(CKB)24989489600041 035 $a(Au-PeEL)EBL1332518 035 $a(CaPaEBR)ebr10740438 035 $a(CaONFJC)MIL508847 035 $a(OCoLC)857059659 035 $a(JP-MeL)3000111253 035 $a(Au-PeEL)EBL7103598 035 $a(OCoLC)1347023891 035 $a(MiAaPQ)EBC1332518 035 $a(EXLCZ)9924989489600041 100 $a20130812d2013 uy 0 101 0 $aeng 135 $aur||||||||||| 181 $ctxt$2rdacontent 182 $cc$2rdamedia 183 $acr$2rdacarrier 200 13$aAn aid to the MRCP PACES$b[electronic resource] $hVolume 3$iStation 5 /$fR. E. J. Ryder, E. A. Freeman and E. N. Fogden 205 $aFourth edition. 210 $aChichester $cWiley$d2013 215 $a1 online resource (xv, 582 pages) 300 $av.3: stations 5 300 $aOther authors: M.A. Mir, E.A. Freeman, E.N. Fogden 300 $aIncludes index 606 $aInternal medicine$vExaminations, questions, etc 606 $aPhysical diagnosis$zGreat Britain$vCase studies 606 $aPhysicians$xLicenses$zGreat Britain$xExaminations$vStudy guides 615 0$aInternal medicine 615 0$aPhysical diagnosis 615 0$aPhysicians$xLicenses$xExaminations 676 $a610.76 686 $a610.76$2njb/09 686 $a490.7$2njb/09 700 $aFreeman$b E. A$g(Eleanor Anne)$0136369 701 $aRyder$b R. E. J$g(Robert Elford John)$01463612 701 $aFogden$b E. N$01463613 801 0$bMiAaPQ 801 1$bMiAaPQ 801 2$bMiAaPQ 906 $aBOOK 912 $a9910795822603321 996 $aAn aid to the MRCP PACES$93672983 997 $aUNINA